000 00361nam a22001457a 4500
005 20250516164130.0
008 250516b |||||||| |||| 00| 0 eng d
020 _a9780749412425
050 _aHF5549
_b.P3 ARM
100 _aArmstrong, Michael
245 _aPerformance management
260 _aLondon
_bKogan Page
_cc1994
300 _a256p
942 _2lcc
_cBK
_n0
999 _c5827
_d5827